Statystyki dla Państwa o najgęstszej sieci drogowej

Kliknij tutaj aby rozwiązać quiz!

Ogólne statystyki

  • Ten quiz został rozwiązany 93 razy
  • Średni wynik to 9 z 20

Statystyki odpowiedzi

km / sq kmKraj% Poprawnych
38.2Monako
82%
5.04Belgia
76%
3.34Holandia
76%
4.79San Marino
76%
2.38Liechtenstein
71%
3.21Japonia
69%
4.78Singapur
67%
10.8Malta
55%
5.39Bahrajn
45%
2.16Cypr
43%
2.01Dominika
30%
2.15Słowenia
30%
2.01Jamajka
27%
3.72Barbados
21%
3.28Grenada
21%
2.13Saint Vincent
i Grenadyny
20%
2.27Węgry
20%
2.65Antigua i Barbuda
19%
2.05Tajlandia
10%
11.2Wyspy Marshalla
10%

Rozkład punktacji

Percentyl według liczby udzielonych odpowiedzi

Procent ludzi z każdym wynikiem

Twoja historia wyników

Nie rozwiązałeś tego quizu